Представление документа в формате MARC21

Поле Инд. ПП Название Значение
Тип записи a
Библиографический уровень m
001 Контрольный номер 15da1df21f814f62824cb228768aa855
005 Дата корректировки 20160203152532.5
020 a ISBN 978-5-98797-026-3
040 a Служба первич. каталог. НБ ТвГУ
080 a Индекс УДК 629.73(470)(091)
084 a Индекс другой классификации/Индекс ББК О571(2)
084 a Индекс другой классификации/Индекс ББК Д9(001)022
090 a Полочн. индекс О571(2)
x Авторский знак П 65
100 1_ a Автор Почтарев Андрей Николаевич
c Титул (звания) к.и.н., проф.
q Полное имя Андрей Почтарев
245 00 a Заглавие Полярная авиация России. 1914-1945 гг.
n Номер части/ раздела Кн. 1
260 c Дата издания 2011
a Место издания Москва
b Издательство Paulsen
300 a Объем 589 c.
b Иллюстрации/ тип воспроизводства ил., портр., факс.
500 a Примечание 80-летию Полярной авиации России посвящается
504 a Библиография Библиогр.: с. 581-589 (267 назв.)
520 0_ a Аннотация В книге, посвященной истории зарождения, становления и развития Полярной авиации России, впервые полно и всесторонне рассказывается о создании и функционировании в районах Крайнего Севера, Сибири и Дальнего Востока первых авиаотрядов, авиагрупп и воздушных линий, предназначенных для исследования Арктики и обслуживания Великого Северного морского пути. Книга охватывает период с 1914 по 1945 гг.
653 0_ a Ключевые слова История авиации
a Ключевые слова Авиация
a Ключевые слова Полярная авиация
a Ключевые слова Арктическая авиация
a Ключевые слова 1914-1945 гг.
a Ключевые слова Крайний Север России
a Ключевые слова Арктика
a Ключевые слова Освоение Арктики
a Ключевые слова Северный морской путь
a Ключевые слова Северный полюс
700 12 a Другие авторы Горбунова Людмила Ивановна
q Полное имя Людмила Горбунова
901 t Тип документа m
920 a Оператор Хохл
a Оператор Суха
a Оператор Густ
a Оператор Стро
930 a Новая/Ретро новая
952 c Вид литературы К рн
954 b Дата поступления в ОК 20151005
a Дата поступления на обработку 20160201
c Дата окончания ОНО 20160203